The Silmarillion: All characters starting with T - Statistics

General Stats
  • This quiz has been taken 49 times
  • The average score is 9 of 11
Answer Stats
Hint Answer % Correct
The son of Hurin and Morwen: Turin
100%
The King of the Silvan Elves in the north of Mirkwood, and the father of Legolas: Thranduil
97%
He, with his wife Idril and his son, Earendil, escaped from the destruction of Gondolin: Tuor
97%
The King of Doriath and father of Luthien: Thingol
94%
A Vala, the greatest in strength and deeds of prowess: Tulkas
91%
2nd son of Fingolfin, and King of Gondolin: Turgon
91%
The King of Eagles: Thorondor
88%
The most renowned of the smiths of Nogrod, the maker of Angrist and of Narsil: Telchar
67%
The messenger of Sauron from Tol-in-Gaurhoth who took the form of a great bat: Thuringwethil
67%
A Maia, steersman of the Moon: Tilion
67%
26th King of Gondor: Telemnar
27%
No matching quizzes found
Score Distribution
Percent of People with Each Score
Percentile by Number Answered
Your Score History
You have not taken this quiz